000 01049cam a2200277 i 4500
001 82521
003 BD-RjUL
005 20231223110710.0
008 231223s1998 pk 000 0 urd
035 _a(BD-RjUL)82521
040 _aDLC
_beng
_erda
_cDLC
041 1 _aurd
_aper
_hper
082 _223
_a891.551
_bSAF 1998
100 0 _a‏سعدى. ;; Saʻdī,
_eauthor.
_910657
245 1 0 _aنسخهٔ صحیحهٔ گلستان : مع فرهنگ / Nuskhah-'i ṣaḥīḥah-'i Gulistān maʻa Farhang /
246 1 4 _aĪn kitāb musammá bih Gulistān
264 1 _aLāhawr :‏لاهور :‏ :
_bMalik Dīn Muḥammad,‏ملک دين محمد،‏ ,
_c1998
300 _a24, 244 pages ;
_c28 cm
650 _aPersian Literature
700 0 2 _aSaʻdī.
906 _a7
_bcbc
_corignew
_d2
_encip
_f20
_gy-nonroman
942 _2ddc
_cBK
999 _c82521
_d82521